00778nam a22001935i 4500001000700000003000900007005001700016008004100033040002000074100004300094245013800137260004300275300004600318490006200364600003400426700002300460830006200483852003900545162547ES-MaACL20250805062426.0041118s1897 xxk |||| | eng d aCAM bspa cCAM1 aPrescott, William Hickling,d1796-185914aThe history of Charles the Fifth / cof William Hickling Prescott ; edited with the author's latest corrections, by John Foster Kirk. aLondon : bGibbings & Company, c1897. a2 v. (XVI, 658 ; VIII, 705 p.) ; c24 cm.1 aThe complete works of William Hickling Prescott ; v7 ; 804aCarlos bI, cRey de España1 aKirk, John Foster.0 aThe complete works of William Hickling Prescott ; v7 ; 8 aES-MaACLjG-5951-52 z-- Enc. tela